Antología autobiográfica

Na minha lista:
Detalhes bibliográficos
Autor principal: Rojas, Manuel (Author)
Formato: Livro
Idioma:espanhol
Publicado em: Santiago LOM 1995
Edição:2a. ed
Assuntos:
Tags: Adicionar Tag
Sem tags, seja o primeiro a adicionar uma tag!

MARC

LEADER 00000nam a2200000 a 4500
001 UCK6993
003 CL-VaPUC
008 051028e19950000CL |||||||||||||||||spa|d
020 |a 9567369321 
082 0 4 |a Ch863  |b ROJ  |2 21 
100 0 |a Rojas, Manuel  |e author  |9 313776 
245 1 0 |a Antología autobiográfica 
250 |a 2a. ed 
300 |a 272 p 
942 |c BK 
945 |d 20051028 00:00:00  |a cmena 
260 |a Santiago  |b LOM  |c 1995 
650 0 |a Cuentos chilenos   |9 308280 
650 0 |a Literatura chilena   |9 308278 
650 0 |a Autobiografías   |9 265171 
583 |a last modification  |c 20051028 00:00:00  |k Rodrigo Vera 
999 |c 315087  |d 315085 
952 |0 0  |1 0  |4 0  |6 CH_863_000000000000000_ROJ_1995  |7 0  |8 A  |9 388001  |a FDOPOS  |b FDOPOS  |d 2019-11-22  |i 4177460  |o Ch863 ROJ 1995  |p 4177460  |r 2025-01-22  |w 2019-11-22  |y BK  |k MLH